000 00937cab a2200373 4500
001 ABS53716
008 090401t1995 xxu||||| |||| 00| 0 eng d
035 _a(Sirsi) u6147
041 _aeng
245 _aFocus `95: M25 Junctions 8-15
260 _c1995
350 _a0
490 _aEstates Gazette
_v(9541) 14 October 1995, 81-117(16)
650 _aCHERTSEY
650 _aDORKING
650 _aEPSOM
650 _aGUILDFORD
650 _aHEATHROW
650 _aHOUNSLOW
650 _aLEATHERHEAD
650 _aM25 CORRIDOR
650 _aOFFICE DEVELOPMENT
650 _aPROPERTY-COMMERCIAL PROPERTY-OFFICE PROPERTY-OFFICE PROPERTY MARKET
650 _aREDHILL
650 _aREIGATE
650 _aSTAINES
650 _aSURREY
650 _aSUTTON
650 _aWEYBRIDGE
650 _aWOKING
690 _aPROPERTY-COMMERCIAL PROPERTY-COMMERCIAL PROPERTY MARKET
942 _n0
948 _c04/03/1997
999 _c3692
_d3692